000 00262nam a2200109Ia 4500
008 190216s9999||||xx |||||||||||||| ||und||
100 _aJoseph L Massie
245 0 _aEssentials Of Management
260 _bMannora Publications
_c1979
300 _a257p
942 _cBK
999 _c4259
_d4259